00353nam a2200097Ia 4500008004100000100001700041245008300058260003200141650002100173856006100194160909s9999 xx 000 0 und d aDixit, Rahul aBarriers to career advancement: Asian Americans in the U.S. aerospace industry bPepperdine Universityc2016 aENTREPRENEURSHIP uhttp://pqdtopen.proquest.com/doc/1799049238.html?FMT=ABS